000 00713nam a2200181Ia 4500
008 100920s9999 xx 000 0 und d
082 _b93147
_a910 न 04
100 _aपाटणकर पांडुरंग.
245 _aसाद चाकोरीबाहेरील किल्यांची.
260 _bस्नेहल प्रकाशन, पुणे 4.
_c2004
300 _a320
_bसाधी
365 _b250
520 _aभू.प्र.
630 _aसाद चाकोरीबाहेरील किल्यांची.
650 _aभू.प्र.
730 _aसाद चाकोरीबाहेरील किल्यांची.
942 _cBOOK
999 _c733590
_d733587